Un mestizaje jurídico: el derecho indiano de los indigenas, estudios de historia del derecho
محفوظ في:
| المؤلف الرئيسي: | |
|---|---|
| التنسيق: | كتاب |
| اللغة: | الإسبانية |
| منشور في: |
Madrid
Universidad Complutense de Madrid
1995
|
| الموضوعات: | |
| الوسوم: |
إضافة وسم
لا توجد وسوم, كن أول من يضع وسما على هذه التسجيلة!
|
MARC
| LEADER | 00000nam a2200000 a 4500 | ||
|---|---|---|---|
| 001 | UCP6113 | ||
| 003 | CL-VaPUC | ||
| 008 | 991008e19950000SP |||||||||||||||||spa|d | ||
| 082 | 0 | 4 | |a 349.8 |b GON |2 21 |
| 100 | |a González de San Segundo, Miguel Ángel |e author |9 535268 | ||
| 245 | 1 | 3 | |a Un mestizaje jurídico: el derecho indiano de los indigenas, estudios de historia del derecho |
| 300 | |a 375 p | ||
| 942 | |c BK | ||
| 945 | |d 19991008 00:00:00 |a vberengu | ||
| 260 | |a Madrid |b Universidad Complutense de Madrid |c 1995 | ||
| 650 | 0 | |a Derecho Indiano |9 256266 | |
| 650 | 0 | |a Historia del derecho |9 255109 | |
| 650 | 0 | |a Indígenas |9 317064 | |
| 650 | 7 | |a LEGISLACION INDIGENA |2 CL-VaPUC |9 434959 | |
| 583 | |a last modification |c 19991008 00:00:00 |k Rodrigo Vera | ||
| 999 | |c 283734 |d 283732 | ||
| 952 | |0 0 |1 0 |4 0 |6 349_800000000000000_GON_1995 |7 0 |8 DER_HDC |9 327152 |a BIBDER |b BIBDER |d 2019-11-20 |i 3536297 |l 1 |o 349.8 GON 1995 |p 3536297 |r 2024-05-23 |s 2024-05-22 |w 2019-11-20 |x Ubicación 4to Piso |y BK |z Estos recursos deben solicitarse con anticipación |k DER | ||